Guess the lyrics (#45) - Statistics

General Stats
  • This quiz has been taken 201 times
  • The average score is 127 of 263
Answer Stats
Answer % Correct
I
99%
a
98%
the
97%
The
97%
you
91%
you,
91%
You
91%
An
90%
an
90%
to
87%
me,
85%
me
85%
when
85%
When
85%
It
83%
it
83%
We
83%
And
81%
and
81%
he
81%
So,
78%
so
78%
my
77%
in
76%
love
76%
on
75%
your
74%
then
73%
no
70%
can
69%
was
68%
for
67%
of
66%
They
63%
they
63%
were
63%
Eve
60%
Eve,
60%
there
60%
it's
59%
that
58%
You're
58%
all
57%
All
57%
this
56%
Day
53%
have
51%
man
51%
said
51%
see
51%
as
50%
night
50%
Can't
49%
could
49%
one"
49%
one,
49%
one
49%
Christmas
47%
time
46%
old
44%
Old
44%
I've
43%
Got
42%
got
42%
from
41%
But
40%
"Won't
40%
our
39%
out
38%
with
38%
come
36%
New
36%
them
35%
been
32%
took
32%
last
29%
came
28%
hand
27%
happy
26%
Happy
26%
baby
25%
Well
25%
cold
24%
more
24%
away
23%
song,
23%
goes
22%
make
22%
about
21%
City
21%
first
21%
right
21%
another
19%
sang
19%
boys
18%
place
18%
someone
18%
dreams
17%
through
17%
better
16%
big
16%
God
16%
put
16%
true
16%
year's
16%
babe,
15%
babe
15%
bells
15%
feeling
15%
singing
15%
York
15%
around
14%
kissed
14%
ringing
14%
face
13%
anyone
12%
drunk
12%
faggot
12%
waiting
12%
choir
11%
maggot
11%
wind
11%
arse
10%
Bay
10%
Broadway
10%
cars
10%
cheap
10%
found
10%
gold
10%
lousy
10%
pretty
10%
promised
10%
Queen
10%
tank
10%
turned
10%
Galway
9%
kept
9%
rivers
9%
scumbag,
9%
alone
8%
bars,
8%
danced
8%
dreamed
8%
handsome
8%
lucky
8%
NYPD
8%
own
8%
pray
8%
slut
8%
junk
7%
Mountain
7%
Rare
7%
band
6%
bed
6%
bum
6%
corner
6%
drunks
6%
Lying
6%
playing
6%
punk
6%
Dew
5%
Sinatra
5%
almost
4%
built
4%
dead
4%
drip
4%
eighteen
4%
finished
4%
swinging
4%
howled
1%
No matching quizzes found
Score Distribution
Percent of People with Each Score
Percentile by Number Answered
Your Score History
You have not taken this quiz